Za úspěchem Zary stojí originální dodavatelský řetězec

Zara ako značka fast fashion priemyslu s unikátnou koncepciou dodávateľského reťazca a technológií. Predajca oblečenia Inditex. Logistické procesy. Ekológia vo výrobe, kanceláriách a skladoch. Dopad pandémie nového koronavírusu na odevný priemysel.

Enregistré dans:
Détails bibliographiques
Auteur principal: Blechová, Eva
Format: Chapitre de livre
Langue:tchèque
Sujets:
Tags: Ajouter un tag
Pas de tags, Soyez le premier à ajouter un tag!

MARC

LEADER 00000naa a2200000 4500
001 0267776
005 20200824085510.9
041 0 |a cze 
044 |a CZ 
245 1 0 |a Za úspěchem Zary stojí originální dodavatelský řetězec  |c Eva Blechová 
520 |a Zara ako značka fast fashion priemyslu s unikátnou koncepciou dodávateľského reťazca a technológií. Predajca oblečenia Inditex. Logistické procesy. Ekológia vo výrobe, kanceláriách a skladoch. Dopad pandémie nového koronavírusu na odevný priemysel. 
610 2 0 |a priemysel odevný 
610 2 0 |a reťazce dodávateľsko-odberateľské 
610 2 0 |a koncepcie 
610 2 0 |a reťazce obchodné 
610 2 0 |a ekológia 
610 2 0 |a logistika 
100 1 |a Blechová, Eva